00405nam a2200157Ia 4500003000400000008004100004040001600045082001300061100002500074245004300099260003400142300001000176490002400186650001500210650002200225GCL140319s9999 xx 000 0 eng d aGCL / cGCL04a843bI C1 aI'ISLE-ADAM, VILLIES10aCONTES CRUELS / cI'ISLE-ADAM, VILLIES a[S.N] : bGALLIMARD ، c1994 a410 P aCOLLECTION FOLIOv004aLITERATURE04aFRENCH LITERATURE